| 000 | 00395cam a2200145ua 4500 | ||
|---|---|---|---|
| 041 |
_aeng _h |
||
| 082 |
_a144.6 _bMIL/UT |
||
| 100 | _aMill, John Stuart . | ||
| 245 |
_aUtilitarianism, Liberty, representative government / _cJohn Stuart Mill. _hTextual Documents |
||
| 260 |
_aLondon : _bJ M Dent and Sons Ltd , _c1962. |
||
| 300 | _a399 ; . | ||
| 504 | _a | ||
| 942 | _cBK | ||
| 999 |
_c3242 _d3242 |
||